000 002460000a22000970004500
100 1 _aBonilla A., Plutarco
245 1 0 _aVida en la muerte
300 _aVol. 50, Núm 217 (1995), Páginas 11-13
773 0 _tLa Biblia de las Américas
942 _cANA
999 _c51373
_d51373